Sports Quiz

Random Sports or College Quiz
Score 0/20 Timer 07:00
0 Plays Today
Hint Answer % Correct
NicknameBulldogs
92.5%
Team ColorBlue
78.3%
CityIndianapolis
70.1%
ConferenceBig East
67.3%
Baseball StadiumBulldog Park
60.4%
Primary RivalValparaiso
59.9%
Basketball ArenaHinkle Fieldhouse
47.6%
Famous Alum: BB Coach Thad _____Matta
46.7%
Famous Alum: SG/PG _____ Mackshelvin
39.5%
Famous Alum: SF/PF Gordon _____Hayward
27.7%
Hint Answer % Correct
Primary RivalXavier
26.7%
MascotButler Blue III
26.2%
No. of Men's Varsity Sports8
22.3%
No. of Women's Varsity Sports10
19.4%
Football StadiumBud and Jackie Sellick Bowl
16.1%
Athletic DirectorBarry Collier
12.5%
Fight SongButler War Song
12.1%
Team ColorWhite
11.4%
StateIndiana
11.2%
MascotHink
10.3%
Remove Ads.
Support Sporcle.
Get the best of Sporcle when you Go Orange. This ad-free experience offers more features, more stats, and more fun while also helping to support Sporcle. Thank you for becoming a member.

You're not logged in!

Compare scores with friends on all Sporcle quizzes.
OR
Log In

Show Comments

Extras

Top Quizzes Today


Score Distribution

Your Account Isn't Verified!

In order to create a playlist on Sporcle, you need to verify the email address you used during registration. Go to your Sporcle Settings to finish the process.

Report this User

Report this user for behavior that violates our Community Guidelines.

Details: